000 00394pab a2200157 454500
008 180718b2004 xxu||||| |||| 00| 0 eng d
100 _aSharan, Shree Shankar
245 _aIndia shining
260 _c2004
300 _ap.7-8.
362 _a8 May
650 _aEconomic and social development - India
650 _aEconomic and social development
773 _aMainstream
909 _a60867
999 _c60867
_d60867